000 01510njm a2200325 a 4500
003 BLK
005 20250301005538.0
008 180413b bul||n|| |||||||| n|bulo|
028 _a820839
040 _aBLK
041 _aDEU
_cDEU
080 _aВариации. Прелюдии. Интермецо. Фуги
_b78.083.2
_x(086.72)
_z78.083.2(086.72)
100 _9362808
_aKochan, Gunter
245 _aDie Asche von Birkenau
_cGünter Kochan ;
245 _aSerenata pensierosa
_cErnst Hermann Meyer
257 _aDEU
260 _aBerlin
_bDeutsche Schallplatten
_c1968
_9215027
300 _a1 грамофонна плоча, двустранна
_b33 o/min, stereo
_c30 см
380 _a7
490 _aEterna
_9493861
490 _9494075
_aUnsere neue Musik
_v33
500 _a(01) Günter Kochan - Die Asche von Birkenau (1965) (Kantate für Alt-Solo und Orchester) (01a) Andante rubato (01b) Interludium I (Andante) (01c) Allegro (01d) Grave (01e) Interludium II (Moderato) (01f) Vivace (01g) Epilog (Moderato) ---- (02) Ernst Hermann Meyer - Serenata pensierosa (1965) (Kurt Sanderling gewidmet)
511 _aBerliner Rundfunk-Sinfonie-Orchester Dirigent: Kurt Masur Annelies Burmeister, Alt Aufgenommen im April 1967 ---- Berliner Sinfonie-Orchester Dirigent: Kurt Sanderling
518 _aAufgenommen im April 1966
700 1 _918531
_aMeyer, Ernst Hermann
852 _aФ ІІ 1065
_bО
942 _cGPL
_n0
944 _cНора Радева
_k
_lCRON CRON
999 _c515782
_d515782
999 _d515782